1889 1517 1333 1446 1251 1233 1839 1415 1091 1356 1826 1590 1087 1436 1711 1514 1415 1712 1520 1705 1004 1217 1381 1000 1756 1292 1811 1304 1586 1252 1551 1896 1797 1714 1765 1089 1357 1612 1939 1212 1971 1275 1386 1680 1321 1267 1698 1838 1771 1813 1971 1304 1208 1065 1530 1842 1782 1282 1697 1138 1894 1890 1570 1085 1278 1876 1800 1575 1097 1155 1919 1128 1113 1868 1372 1829 1412 1856 1445 1322 1840 1971 1379 1648 1187 1103 1800 1806 1642 1725 1679 1278 1271 1072 1076 1439 1593 1556 1957 BCNSPRNW ULIB Ver.6.0+V

เปลี่ยนเป็นภาษาไทย

Change to English
 แสดงรายละเอียดบรรณานุกรม
  กลับหน้าหลัก

Brief Record : Get Marc (ISO 2709) : E-mail record : QR code < ปิดหน้าต่าง
LEADER : 00000nam 2200000uu 4500
001    13399123102
003     ULIB
008    140128s2539||||th 000 0 tha d
020    ^a9747517604
060  4 ^aWN 250^bพ284ค
100 0  ^aพรศรี คิดชอบ,^eบรรณาธิการ.
245 10 ^aความรู้พื้นฐานทางรังสีรักษา /^cบรรณาธิการ พรศรี คิดชอบ
260    ^aกรุงเทพฯ :^bบริษัทเท็กซ์ แอนด์ เจอร์นัล พับจิเคชั่น จำกัด,^c2539.
300    ^a140 หน้า :^bภาพประกอบ,ตาราง.
520 1  ^aฺBasic Physics in Radiation Therapy, Instrumentation, Basic Radiobiology, Principles of Radiation Therapy, Clinical Application, Radiation Rnotection.
650  4 ^aรังสี^xรักษา.
945    ^p0^l0^i020787
999    ^aเกษร โพธิ์สุวรรณ
รายการนี้ยังไม่มีแท็ก
คุณยังไม่ได้ล็อกอิน คุณสามารถมีกิจกรรมร่วมกับเว็บไซต์ได้ แต่ต้องล็อกอินก่อน ::
  ล็อกอิน

รายการสื่อสารสนเทศ

ลำดับที่ ประเภท เลขเรียก/บาร์โค้ด สถานที่ สถานะ
1. วิทยาศาสตร์การแพทย์ และสุขภาพ
วิทยาศาสตร์การแพทย์ และสุขภาพ
WN 250 พ284ค ฉ.4 
  Barcode: 020787
ห้องสมุดวิทยาเขตสวรรค์ประชารักษ์
►หนังสือทั่วไป
บนชั้น

BibComment


ยังไม่เคยถูกคอมเมนท์

คอมเมนท์ทรัพยากรรายการนี้
  คอมเมนท์: ความรู้พื้นฐานทา..


 Copyright 2026. Bcnsprnw @Library